=LDR 00000nam 2200000 4500 =001 INLIS000000000038145 =005 20130612143829 =008 ***********************************ind** =035 ##$$0010-061300000038145 =041 ##$$a ind =082 ##$$a 420.7 =100 ##$$a frank, marcella =245 ##$$a modern english:edisi dwibahasa, jilid 1 , kalimat =260 ##$$a binarupa aksara $b jakarta =300 ##$$a 236 hlm, 30cm =850 ##$$a NBPNMAT